Language Quiz

Random Language or French Quiz

SA french2 p 9 Quiz Stats

Quiz not verified by Sporcle

Also try: Begins with 'BR'
Challenge
Share
Tweet
Embed
Score 0/17 Timer 20:00
0 Plays Today
Check p 9 Comment dit on % Correct
elle a sept ansshe is seven
100%
j'ai les yeux bleui have blue eyes
83.3%
j'ai les cheveux courtsI have short hair
83.3%
j'ai les cheveux longI have long hair
83.3%
j'ai les cheveux noirsI have black hair
83.3%
je suis grand(e)i am tall
83.3%
je suis petit(e)I am small
83.3%
ils ont les yeux marronthey have brown eyes
83.3%
ils ont les yeux bleuthey have blue eyes
83.3%
Check p 9 Comment dit on % Correct
ils ont les yeux noirsthey have black eyes
83.3%
j'ai les cheveux rouxI have red hair
66.7%
elle est forteshe is strong
50%
il est intelligenthe is smart
50%
J'ai quinze ansI'm fifteen
16.7%
ils sont de taille moyenne.they are of medium size.
16.7%
je suis gourmand(e)i like to eat
0%
Elles sont sympashe is nice
0%

You're not logged in!

Compare scores with friends on all Sporcle quizzes.
Sign Up with Email
OR
Log In

You Might Also Like...

Show Comments

Extras

Top Quizzes Today


Score Distribution

Your Account Isn't Verified!

In order to create a playlist on Sporcle, you need to verify the email address you used during registration. Go to your Sporcle Settings to finish the process.